[Event "Mecklenburg VP LL2 Ost 1819"]
[Site "Mecklenburg VP"]
[Date "2018.11.25"]
[Round "3.8"]
[White "Schulz, Ronald"]
[Black "Witkowski, Rainer"]
[Result "0-1"]
[WhiteElo "1527"]
[BlackElo "1819"]
[PlyCount "44"]
[EventDate "2018.10.21"]
[EventType "team-tourn"]
[EventRounds "9"]
[EventCountry "GER"]
[SourceTitle "EXT 2022"]
[Source "ChessBase"]
[SourceDate "2021.10.06"]
[SourceVersion "1"]
[SourceVersionDate "2021.10.06"]
[SourceQuality "1"]
[WhiteTeam "Neubrandenburg SG Eintracht II"]
[BlackTeam "Neubrandenburg SG Eintracht"]
[WhiteTeamCountry "GER"]
[BlackTeamCountry "GER"]

1. e4 e6 2. d4 d5 3. exd5 exd5 4. Nf3 Bd6 5. c4 c6 6. Nc3 Ne7 7. c5 Bc7 8. b4 0-0 9. Be2 Nd7 10. 0-0 Nf6 11. Bg5 Ng6 12. a4 h6 13. Be3 Ne4 14. Qc1 f5 15. g3 f4 16. gxf4 Nxf4 17. Bxf4 Bxf4 18. Qc2 Bf5 19. Bd3 Qf6 20. Kh1 Bg4 21. Ng1 Qh4 22. f3 Nd2 0-1

[Event "Mecklenburg VP LL 1617"]
[Site "Mecklenburg VP"]
[Date "2017.03.19"]
[Round "7.6"]
[White "Witkowski, Rainer"]
[Black "Bress, Aaron"]
[Result "1-0"]
[WhiteElo "1858"]
[BlackElo "1670"]
[PlyCount "61"]
[EventDate "2016.10.16"]
[EventType "team-tourn"]
[EventRounds "9"]
[EventCountry "GER"]
[SourceTitle "EXT 2022"]
[Source "ChessBase"]
[SourceDate "2021.10.06"]
[SourceVersion "1"]
[SourceVersionDate "2021.10.06"]
[SourceQuality "1"]
[WhiteTeam "Neubrandenburg SG Eintracht"]
[BlackTeam "Torgelow Droegeheide"]
[WhiteTeamCountry "GER"]
[BlackTeamCountry "GER"]

1. e4 c5 2. c3 d5 3. exd5 Qxd5 4. d4 Nf6 5. Nf3 Bg4 6. Be2 e6 7. Be3 cxd4 8. Bxd4 Be7 9. Qa4+ Nc6 10. Bxf6 Bxf6 11. Qxg4 h5 12. Qc4 Qd6 13. Nbd2 g5 14. Ne4 Qe7 15. 0-0-0 0-0 16. Nxf6+ Qxf6 17. Qe4 g4 18. Nd4 Nxd4 19. Rxd4 Qg5+ 20. Kc2 Rad8 21. Rhd1 Rxd4 22. Rxd4 Rd8 23. Rxd8+ Qxd8 24. h3 gxh3 25. gxh3 Qf6 26. Qf3 Qg6+ 27. Kb3 Qh6 28. Qxh5 Qd2 29. h4 Qd6 30. Qg4+ Kh8 31. Qd4+ 1-0

[Event "Mecklenburg VP LL 1617"]
[Site "Mecklenburg VP"]
[Date "2016.11.06"]
[Round "2.6"]
[White "Witkowski, Rainer"]
[Black "Staben, Norbert"]
[Result "0-1"]
[WhiteElo "1858"]
[BlackElo "1689"]
[PlyCount "46"]
[EventDate "2016.10.16"]
[EventType "team-tourn"]
[EventRounds "9"]
[EventCountry "GER"]
[SourceTitle "EXT 2022"]
[Source "ChessBase"]
[SourceDate "2021.10.06"]
[SourceVersion "1"]
[SourceVersionDate "2021.10.06"]
[SourceQuality "1"]
[WhiteTeam "Neubrandenburg SG Eintracht"]
[BlackTeam "Warnemuende SF Ostsee"]
[WhiteTeamCountry "GER"]
[BlackTeamCountry "GER"]

1. e4 c5 2. c3 d5 3. exd5 Qxd5 4. d4 cxd4 5. cxd4 Nc6 6. Nf3 Bg4 7. Be2 e6 8. Nc3 Bb4 9. 0-0 Bxc3 10. bxc3 Nge7 11. h3 Bf5 12. Ba3 0-0 13. c4 Qa5 14. Qb3 Rfd8 15. Bxe7 Nxe7 16. Qxb7 Ng6 17. c5 Rab8 18. Qa6 Qc7 19. Bd3 Bxd3 20. Qxd3 e5 21. Rac1 exd4 22. Nxd4 Qf4 23. Ne2 Rxd3 0-1

[Event "Mecklenburg VP LL 1617"]
[Site "Mecklenburg VP"]
[Date "2016.10.16"]
[Round "1.5"]
[White "Witkowski, Rainer"]
[Black "Haase, Sebastian"]
[Result "1/2-1/2"]
[WhiteElo "1858"]
[BlackElo "1726"]
[PlyCount "53"]
[EventDate "2016.10.16"]
[EventType "team-tourn"]
[EventRounds "9"]
[EventCountry "GER"]
[SourceTitle "EXT 2022"]
[Source "ChessBase"]
[SourceDate "2021.10.06"]
[SourceVersion "1"]
[SourceVersionDate "2021.10.06"]
[SourceQuality "1"]
[WhiteTeam "Neubrandenburg SG Eintracht"]
[BlackTeam "Grevesmuehlen Blau Weiss"]
[WhiteTeamCountry "GER"]
[BlackTeamCountry "GER"]

1. e4 c5 2. Nf3 e6 3. c3 a6 4. d4 d5 5. dxc5 Bxc5 6. exd5 Qxd5 7. Qxd5 exd5 8. Bf4 Nf6 9. Be5 Nbd7 10. Bd4 Bxd4 11. Nxd4 0-0 12. f3 Re8+ 13. Kf2 Ne5 14. Nd2 Nc6 15. N2b3 Nxd4 16. Nxd4 Bd7 17. Bd3 g6 18. Rad1 Rac8 19. Rd2 Kf8 20. Rhd1 Re7 21. Ne2 Bc6 22. g4 h6 23. Nf4 Rce8 24. Bxg6 Re3 25. Rd3 d4 26. cxd4 Bxf3 27. Rxe3 1/2-1/2

[Event "Mecklenburg VP VL 1516"]
[Site "Mecklenburg VP"]
[Date "2015.12.13"]
[Round "4.4"]
[White "Kutschke, Peter"]
[Black "Witkowski, Rainer"]
[Result "0-1"]
[WhiteElo "2000"]
[BlackElo "1835"]
[PlyCount "102"]
[EventDate "2015.09.20"]
[EventType "team-tourn"]
[EventRounds "9"]
[EventCountry "GER"]
[SourceTitle "EXT 2022"]
[Source "ChessBase"]
[SourceDate "2021.10.06"]
[SourceVersion "1"]
[SourceVersionDate "2021.10.06"]
[SourceQuality "1"]
[WhiteTeam "Schwerin SF III"]
[BlackTeam "Neubrandenburg SG Eintracht"]
[WhiteTeamCountry "GER"]
[BlackTeamCountry "GER"]

1. e4 e6 2. c4 d5 3. cxd5 exd5 4. exd5 Qxd5 5. Nc3 Qe5+ 6. Be2 Bg4 7. d4 Qe7 8. Be3 Bxe2 9. Qxe2 Nf6 10. Nf3 Nc6 11. 0-0 0-0-0 12. a3 Nd5 13. Nxd5 Rxd5 14. Qc4 Qd7 15. Ne5 Nxe5 16. dxe5 Rxe5 17. Rac1 Bd6 18. Rfd1 Qe6 19. Qa4 Rxe3 20. fxe3 Qxe3+ 21. Kh1 Re8 22. Qd4 Qh6 23. h3 Re2 24. Qg4+ Qe6 25. Qxe6+ Rxe6 26. Rc2 a5 27. Kg1 h5 28. Kf1 Bg3 29. Re2 Rf6+ 30. Kg1 b6 31. Rd3 h4 32. Re8+ Kb7 33. Re2 b5 34. Rd1 Kb6 35. Rc2 a4 36. Rd8 Re6 37. Rd1 Re4 38. Rdc1 Re6 39. Kf1 g6 40. Rd1 c5 41. Rdc1 c4 42. Rd1 Rf6+ 43. Kg1 Rf5 44. Rcd2 Kc5 45. Rd8 b4 46. Ra8 Kb5 47. axb4 Kxb4 48. Ra1 Ra5 49. Rc8 Be5 50. Rc1 Rc5 51. Ra1 Rxc8 0-1

[Event "Mecklenburg VP LL2 West 1415"]
[Site "Mecklenburg VP"]
[Date "2014.09.21"]
[Round "1.4"]
[White "Fleischer, Martin"]
[Black "Witkowski, Rainer"]
[Result "1/2-1/2"]
[WhiteElo "1655"]
[BlackElo "1806"]
[PlyCount "71"]
[EventDate "2014.09.21"]
[EventType "team-tourn"]
[EventRounds "9"]
[EventCountry "GER"]
[SourceTitle "EXT 2022"]
[Source "ChessBase"]
[SourceDate "2021.10.06"]
[SourceVersion "1"]
[SourceVersionDate "2021.10.06"]
[SourceQuality "1"]
[WhiteTeam "Schwerin SV Einheit"]
[BlackTeam "Neubrandenburg SG Eintracht II"]
[WhiteTeamCountry "GER"]
[BlackTeamCountry "GER"]

1. e4 e6 2. d4 d5 3. exd5 exd5 4. Nf3 Bd6 5. Bd3 Ne7 6. Bg5 f6 7. Bh4 0-0 8. c4 c6 9. Qc2 g6 10. Nbd2 Bf5 11. 0-0 Na6 12. a3 Nc7 13. c5 Bf4 14. b4 Bxd3 15. Qxd3 Nf5 16. Rfe1 a5 17. bxa5 Rxa5 18. Rab1 Qa8 19. Rb3 Bxd2 20. Qxd2 Rxa3 21. Rxa3 Qxa3 22. Qf4 Nxh4 23. Qxc7 Nxf3+ 24. gxf3 Rf7 25. Re8+ Kg7 26. Qf4 g5 27. Qg4 Qd3 28. Qc8 Qxf3 29. Rg8+ Kh6 30. Qe6 Rg7 31. Rf8 Kg6 32. Qe8+ Kh6 33. Qe6 Kg6 34. Qe8+ Kh6 35. Qe6 Kg6 36. Qe8+ 1/2-1/2

[Event "Mecklenburg VP VL 1213"]
[Site "Mecklenburg VP"]
[Date "2012.12.09"]
[Round "4.4"]
[White "Reichmann, Hendrik"]
[Black "Witkowski, Rainer"]
[Result "1-0"]
[WhiteElo "2312"]
[BlackElo "1868"]
[PlyCount "61"]
[EventDate "2012.10.14"]
[EventType "team-tourn"]
[EventRounds "9"]
[EventCountry "GER"]
[SourceTitle "EXT 2022"]
[Source "ChessBase"]
[SourceDate "2021.10.06"]
[SourceVersion "1"]
[SourceVersionDate "2021.10.06"]
[SourceQuality "1"]
[WhiteTeam "Schwerin SF"]
[BlackTeam "Neubrandenburg SG Eintracht"]
[WhiteTeamCountry "GER"]
[BlackTeamCountry "GER"]

1. d4 e6 2. Nf3 d5 3. Bf4 Bd6 4. Bxd6 Qxd6 5. c4 Qb4+ 6. Qd2 Qxd2+ 7. Nbxd2 c6 8. e3 Nd7 9. Bd3 Ngf6 10. 0-0 b6 11. Rfc1 Bb7 12. a4 0-0 13. a5 c5 14. dxc5 Nxc5 15. Bf1 dxc4 16. Bxc4 Bd5 17. b4 Bxc4 18. bxc5 Bd5 19. axb6 axb6 20. Rxa8 Rxa8 21. cxb6 h6 22. Ne5 Rb8 23. Rb1 Kf8 24. e4 Bb7 25. f3 Ke7 26. Ndc4 Nd7 27. Nxd7 Kxd7 28. Rd1+ Ke7 29. Ne5 f6 30. Rd7+ Ke8 31. Rxg7 1-0

[Event "Mecklenburg VP LL 0910"]
[Site "Mecklenburg VP"]
[Date "2009.11.15"]
[Round "2.7"]
[White "Moeller, Stefan"]
[Black "Witkowski, Rainer"]
[Result "1/2-1/2"]
[WhiteElo "1675"]
[BlackElo "1904"]
[PlyCount "22"]
[EventDate "2009.10.18"]
[EventType "team-tourn"]
[EventRounds "9"]
[EventCountry "GER"]
[SourceTitle "EXT 2016"]
[Source "ChessBase"]
[SourceDate "2015.10.08"]
[SourceVersion "1"]
[SourceVersionDate "2015.10.08"]
[SourceQuality "1"]
[WhiteTeam "Rostock Uni"]
[BlackTeam "Neubrandenburg SG Eintracht"]
[WhiteTeamCountry "GER"]
[BlackTeamCountry "GER"]

1. e4 e6 2. d3 d5 3. Nd2 dxe4 4. dxe4 Bc5 5. Ngf3 Nf6 6. Bc4 a6 7. 0-0 Nc6 8. c3 Ng4 9. Nd4 Nge5 10. Nxc6 Nxc6 11. Nb3 Qxd1 1/2-1/2

[Event "Mecklenburg VP LL 0809"]
[Site "Mecklenburg VP"]
[Date "2009.03.01"]
[Round "7.6"]
[White "Moritz, Hartmut"]
[Black "Witkowski, Rainer"]
[Result "0-1"]
[WhiteElo "1860"]
[BlackElo "1877"]
[PlyCount "69"]
[EventDate "2008.10.05"]
[EventType "team-tourn"]
[EventRounds "9"]
[EventCountry "GER"]
[SourceTitle "EXT 2022"]
[Source "ChessBase"]
[SourceDate "2021.10.06"]
[SourceVersion "1"]
[SourceVersionDate "2021.10.06"]
[SourceQuality "1"]
[WhiteTeam "Rostock SSC 07 II"]
[BlackTeam "Neubrandenburg SG Eintracht"]
[WhiteTeamCountry "GER"]
[BlackTeamCountry "GER"]

1. e4 e6 2. d4 d5 3. e5 c5 4. c3 Nc6 5. Nf3 Qb6 6. a3 a5 7. a4 Bd7 8. Bb5 Nh6 9. Bxh6 gxh6 10. 0-0 0-0-0 11. Na3 Rg8 12. Nc2 Na7 13. dxc5 Qxc5 14. Bd3 Be7 15. b4 Qxc3 16. b5 f5 17. Ncd4 Ba3 18. Qb3 Qxb3 19. Nxb3 Bb4 20. Rac1+ Kb8 21. Nc5 Bxc5 22. Rxc5 Rg4 23. Ra1 Rc8 24. Rxc8+ Nxc8 25. h3 Rf4 26. Kh2 Nb6 27. Bc2 Be8 28. Kg3 Rb4 29. Ne1 Bg6 30. f4 Bh5 31. Ra3 Rc4 32. Ra1 Rd4 33. Rc1 Nxa4 34. Bxa4 Rxa4 35. Rc3 0-1

[Event "Mecklenburg VP LL 0809"]
[Site "Mecklenburg VP"]
[Date "2008.11.30"]
[Round "3.6"]
[White "Witkowski, Rainer"]
[Black "Junggebauer, Thomas"]
[Result "1-0"]
[WhiteElo "1877"]
[BlackElo "1876"]
[PlyCount "49"]
[EventDate "2008.10.05"]
[EventType "team-tourn"]
[EventRounds "9"]
[EventCountry "GER"]
[SourceTitle "EXT 2022"]
[Source "ChessBase"]
[SourceDate "2021.10.06"]
[SourceVersion "1"]
[SourceVersionDate "2021.10.06"]
[SourceQuality "1"]
[WhiteTeam "Neubrandenburg SG Eintracht"]
[BlackTeam "Wismar ASV Gruen-Weiss"]
[WhiteTeamCountry "GER"]
[BlackTeamCountry "GER"]

1. e4 c5 2. c3 e6 3. d4 cxd4 4. cxd4 Nf6 5. Bd3 Nc6 6. Nf3 Nb4 7. 0-0 Nxd3 8. Qxd3 b6 9. Nc3 Bb7 10. Bg5 Be7 11. Rac1 0-0 12. Nd2 Ne8 13. Bxe7 Qxe7 14. Rfe1 f5 15. exf5 Qg5 16. Nf3 Qh5 17. Re3 Rxf5 18. Ne4 Rf4 19. Ne5 Nf6 20. Nxf6+ gxf6 21. Rg3+ Kh8 22. Nxd7 Qd5 23. Rc7 Qxd4 24. Qxh7+ Kxh7 25. Nxf6+ 1-0

[Event "Mecklenburg VP LL 0506"]
[Site "Mecklenburg VP"]
[Date "2006.02.19"]
[Round "7.7"]
[White "Witkowski, Rainer"]
[Black "Piske, Thomas"]
[Result "1-0"]
[WhiteElo "1905"]
[BlackElo "1878"]
[PlyCount "53"]
[EventDate "2005.10.23"]
[EventType "team"]
[EventRounds "9"]
[EventCountry "GER"]
[SourceTitle "EXT 2008"]
[Source "ChessBase"]
[SourceDate "2007.11.25"]
[SourceVersion "1"]
[SourceVersionDate "2007.11.25"]
[SourceQuality "1"]
[WhiteTeam "Neubrandenburg SG Eintracht"]
[BlackTeam "Wismar"]
[WhiteTeamCountry "GER"]
[BlackTeamCountry "GER"]

1. e4 d6 2. d4 Nf6 3. Nc3 g6 4. Nf3 Bg7 5. Be2 0-0 6. h3 Nc6 7. Be3 e5 8. Qd2 a6 9. 0-0-0 exd4 10. Nxd4 Nxd4 11. Bxd4 Qe7 12. Bf3 Be6 13. Rhe1 Rfe8 14. g4 Nd7 15. Bg2 Qf8 16. f4 f6 17. Kb1 Rad8 18. Nd5 Bxd5 19. exd5 f5 20. Bxg7 Qxg7 21. gxf5 gxf5 22. Rg1 Kf8 23. Bf3 Qf7 24. Rg5 Re7 25. Bh5 Qf6 26. Rdg1 Qh8 27. Qc3 1-0

[Event "Mecklenburg VP LL1 0506"]
[Site "Mecklenburg VP"]
[Date "2005.11.13"]
[Round "2.2"]
[White "Schwarz, Eckhard"]
[Black "Witkowski, Rainer"]
[Result "1/2-1/2"]
[WhiteElo "1915"]
[BlackElo "1905"]
[PlyCount "31"]
[EventDate "2005.10.23"]
[EventType "team"]
[EventRounds "9"]
[EventCountry "GER"]
[SourceTitle "EXT 2008"]
[Source "ChessBase"]
[SourceDate "2007.11.25"]
[SourceVersion "1"]
[SourceVersionDate "2007.11.25"]
[SourceQuality "1"]
[WhiteTeam "Saal Waterkant"]
[BlackTeam "Neubrandenburg SG Eintracht II"]
[WhiteTeamCountry "GER"]
[BlackTeamCountry "GER"]

1. e4 e6 2. d4 d5 3. Nd2 dxe4 4. Nxe4 Nd7 5. Nf3 Ngf6 6. Nxf6+ Nxf6 7. Be2 Be7 8. 0-0 0-0 9. Ne5 c5 10. dxc5 Bxc5 11. Qxd8 Rxd8 12. Bg5 Be7 13. Rad1 h6 14. Rxd8+ Bxd8 15. Rd1 Bc7 16. Bxf6 1/2-1/2